000 01458nam a2200445 i 4500
001 53072
003 ES-MaCES
005 20251115040005.0
008 240220s2023 sp 000 | spa d
017 _aV 2518-2023
_bDL
020 _a9788411697774
040 _aES-MaCES
_bspa
_cES-MaCES
100 1 _935832
_aMontero Pascual, Juan José
245 1 0 _aRegulación económica
_b: la actividad administrativa de regulación de los mercados
_cJuan José Montero Pascual
250 _a5ª ed
260 _aValencia
_bTirant lo Blanch
_c2023
300 _a243 p.
_c22 cm
490 1 _aTirant monografías. Alta calidad en investigación jurídica
504 _aBibliografía: p. 231-245
541 0 _cCompra
650 7 _aintervención estatal
_929380
650 7 _aeconomía de mercado
_929377
650 7 _aacceso al mercado
_927923
650 7 _asector económico
_930015
650 7 _aservicio esencial
_929507
650 7 _aeconomía colaborativa
_937923
650 7 _aInternet
_930572
650 7 _ared electrónica
_930571
650 7 _acompetencia
_927897
650 7 _amecanismo de control
_929918
650 4 _alegislación económica
_927161
650 7 _aEspaña
_926964
650 7 _aEstados Unidos
_928373
650 7 _arégimen jurídico
_929894
653 1 0 _aEconomía
775 0 _tRegulación económica
_w(ES-MaCES)50973
830 0 _aTirant monografías
_932480
902 _aLIB Libro
942 _2CES
_cBK
_h0.0.
999 _c53072
_d53072